<?xml version="1.0" encoding="UTF-8"?>
<record
    xmlns:xsi="http://www.w3.org/2001/XMLSchema-instance"
    xsi:schemaLocation="http://www.loc.gov/MARC21/slim http://www.loc.gov/standards/marcxml/schema/MARC21slim.xsd"
    xmlns="http://www.loc.gov/MARC21/slim">

  <leader>03393cam a2200289 i 4500</leader>
  <controlfield tag="001">17433205</controlfield>
  <controlfield tag="003">SISC</controlfield>
  <controlfield tag="005">20160922154439.0</controlfield>
  <controlfield tag="008">120816s2013    enka     b    001 0 eng  </controlfield>
  <datafield tag="010" ind1=" " ind2=" ">
    <subfield code="a">  2012031380</subfield>
  </datafield>
  <datafield tag="020" ind1=" " ind2=" ">
    <subfield code="a">9780470683460 (hbk.)</subfield>
  </datafield>
  <datafield tag="020" ind1=" " ind2=" ">
    <subfield code="a">9780470683453 (pbk.)</subfield>
  </datafield>
  <datafield tag="040" ind1=" " ind2=" ">
    <subfield code="a">DLC</subfield>
    <subfield code="b">eng</subfield>
    <subfield code="c">DLC</subfield>
    <subfield code="e">rda</subfield>
    <subfield code="d">DLC</subfield>
  </datafield>
  <datafield tag="042" ind1=" " ind2=" ">
    <subfield code="a">pcc</subfield>
  </datafield>
  <datafield tag="050" ind1="0" ind2="0">
    <subfield code="a">RC 451.4.M47</subfield>
    <subfield code="b">.P777 2013</subfield>
  </datafield>
  <datafield tag="082" ind1="0" ind2="0">
    <subfield code="a">362.2</subfield>
  </datafield>
  <datafield tag="245" ind1="0" ind2="0">
    <subfield code="a">Psychological therapies for adults with intellectual disabilities /</subfield>
    <subfield code="c">Edited by John L. Taylor, William R Lindsay, Richard P. Hastings and Chris Hatton.</subfield>
  </datafield>
  <datafield tag="260" ind1=" " ind2=" ">
    <subfield code="a">UK :</subfield>
    <subfield code="b">John Wiley &amp; Sons, Ltd.,</subfield>
    <subfield code="c">2013.</subfield>
  </datafield>
  <datafield tag="300" ind1=" " ind2=" ">
    <subfield code="a">xv, 284 pages :</subfield>
    <subfield code="b">illustrations  ;</subfield>
    <subfield code="c">26 cm</subfield>
  </datafield>
  <datafield tag="500" ind1=" " ind2=" ">
    <subfield code="a">Includes bibliographical references and index.</subfield>
  </datafield>
  <datafield tag="505" ind1="0" ind2=" ">
    <subfield code="a">About the editors -- About the contributors -- Foreword / by Tom Prout -- Mental health and emotional problems in people with intellectual disabilities / John L. Taylor -- Social and psychological factors as determinants of emotional and behavioural difficulties / Eric Emerson and Andrew Jahoda -- The assessment of mental health problems in adults with intellectual disabilities / Chris Hatton and John L. Taylor -- Preparing people with intellectual disabilities for psychological treatment / Dave Dagnan, Andrew Jahoda and Amy Kilbane -- Adapting psychological therapies for people with intellectual disabilities i : assessment and cognitive deficit considerations / William R. Lindsay, Andrew J. Jahoda, Paul Willner and John L. Taylor -- Adapting psychological therapies for people with intellectual disabilities ii : treatment approaches and modifications / William R. Lindsay, Andrew J. Jahoda and Paul Willner -- Cognitive behaviour therapy for anxiety disorders / William R Lindsay, Paul Willner and Peter Sturmey -- Cognitive behavioural therapy for mood disorders / Anna J. Esbensen and Sigan L. Hartley -- Anger control problems / John L Taylor and Raymond W Novaco -- Cognitive-behavioural therapy for people with intellectual disabilities and psychosis / Stephen C. Oathamshaw, Alastair L. Barrowcliff and Gillian Haddock -- Cognitive behavioural treatment for inappropriate sexual behaviour in men with intellectual disabilities / William R. Lindsay -- Developing psychotherapeutic interventions for people with autism spectrum disorders / Dougal Julian Hare -- Supporting care staff using mindfulness and acceptance-based approaches / Stephen J. Noone -- Behavioural approaches to working with mental health problems / Robert S. P. Jones and Alan Dowey -- Psychodynamic psychotherapy and people with intellectual disabilities / Nigel Beail and Tom Jackson -- Mindfulness-based approaches / Nirbhay N. Singh, Giulio E. Lancioni, Alan S.W. Winton, Angela D. A. Singh, Ashvind N. A. Singh and Judy Singh -- Psychological therapies for adults with intellectual disabilities : future directions for research and practice / Richard P. Hastings, Chris Hatton, William R Lindsay and John L. Taylor -- Index.</subfield>
  </datafield>
  <datafield tag="650" ind1=" " ind2="0">
    <subfield code="a">People with mental disabilities</subfield>
    <subfield code="x">Psychology.</subfield>
  </datafield>
  <datafield tag="650" ind1=" " ind2="0">
    <subfield code="a">People with mental disabilities</subfield>
    <subfield code="x">Counseling of.</subfield>
  </datafield>
  <datafield tag="906" ind1=" " ind2=" ">
    <subfield code="a">7</subfield>
    <subfield code="b">cbc</subfield>
    <subfield code="c">orignew</subfield>
    <subfield code="d">1</subfield>
    <subfield code="e">ecip</subfield>
    <subfield code="f">20</subfield>
    <subfield code="g">y-gencatlg</subfield>
  </datafield>
  <datafield tag="942" ind1=" " ind2=" ">
    <subfield code="2">lcc</subfield>
    <subfield code="c">BK</subfield>
  </datafield>
  <datafield tag="999" ind1=" " ind2=" ">
    <subfield code="c">305110</subfield>
    <subfield code="d">305110</subfield>
  </datafield>
  <datafield tag="952" ind1=" " ind2=" ">
    <subfield code="0">0</subfield>
    <subfield code="1">0</subfield>
    <subfield code="2">lcc</subfield>
    <subfield code="4">0</subfield>
    <subfield code="a">CL</subfield>
    <subfield code="b">CL</subfield>
    <subfield code="c">GSL</subfield>
    <subfield code="d">2016-09-22</subfield>
    <subfield code="e">Library Fund</subfield>
    <subfield code="l">1</subfield>
    <subfield code="o">RC 451.4.M47 .P777 2013</subfield>
    <subfield code="p">C20702</subfield>
    <subfield code="r">2018-08-15 00:00:00</subfield>
    <subfield code="s">2018-08-13</subfield>
    <subfield code="w">2016-09-22</subfield>
    <subfield code="y">BK</subfield>
  </datafield>
</record>
